| 000 | 00578cam a2200181ua 4500 | ||
|---|---|---|---|
| 003 | OSt | ||
| 008 | 250610b |||||||| |||| 00| 0 eng d | ||
| 020 | _a9788172336547 | ||
| 082 |
_a624.1821 _bRAM/DE |
||
| 100 |
_aRamchandra _9516 |
||
| 100 |
_aGehlot Virendra _9517 |
||
| 245 | _aDesign of steel structures,-1 (Based on IS: 800-2007) (and so also on Newly Revised code IS: 883 -1994)(S.I. Units) | ||
| 250 | _a13 th Rev& Enl | ||
| 260 |
_aJodhpur _bScientific Publishers _c2011 |
||
| 300 |
_a984 _e`. |
||
| 500 | _aFor under-graduate and post-graduate students | ||
| 942 | _cBK | ||
| 999 |
_c13054 _d13054 |
||